000 00512nam a2200181Ia 4500
003 IN-BaIIA
008 211028s9999 xx 000 0 eng d
040 _cIIA Library
080 _a539.31
_bPRE
100 _aPrescott, John
_92415
245 0 _aApplied elasticity
_cJohn Prescott
260 _aNew York
_bDover Publications
_c1946
300 _avi, 666p.
650 _aElastic properties
650 _aNASA Thesaurus
650 _aPlastic properties
942 _cBK
999 _c1153
_d1153